000 00836nam a2200277 a 4500
001 30187
003 AR-BaAGN
005 20231116062902.0
007 ta
008 220625s19uu ag |||||r|||| ||||||spa d
040 _dAR-BaAGN
_aAR-BaAGN
_bspa
_eaacr
110 1 _aArgentina.
_bMinisterio de Asuntos Técnicos
245 1 0 _aSegundo plan quinquenal :
_bobjetivo VI G.4 : conducción de las investigaciones científicas y técnicas : carta orgánica
250 _a1ª ed.
260 _aBuenos Aires :
_bMinisterio de Asuntos Técnicos,
_c[19--?]
300 _a168 páginas
336 _2rdacontent
_btxt
337 _2rdamedia
_bn
338 _2rdacarrier
_bnc
651 4 _aArgentina
_93645
942 _cLIBRO
_n0
999 _c30187
_d30187
650 4 _aPOLÍTICA
_92164
650 4 _aPERONISMO
_92600